[Event "FIDE Women's World Teams"]
[Site "Astana KAZ"]
[Date "2013.03.11"]
[Round "8.1"]
[White "Nakhbayeva,G"]
[Black "Milliet,S"]
[Result "1-0"]
[WhiteElo "2344"]
[BlackElo "2401"]
[EventDate "2013.03.03"]

1. d4 d5 2. c4 Nc6 3. cxd5 Qxd5 4. e3 e5 5. Nc3 Bb4 6. Bd2 Bxc3 7. bxc3 Nf6 8.
f3 O-O 9. Qb3 Qd8 10. Bd3 e4 11. Be2 Re8 12. f4 Na5 13. Qa4 c5 14. Bb5 Bd7 15.
Bxd7 Nxd7 16. c4 Nc6 17. d5 Ne7 18. Nh3 Nf5 19. O-O Nd6 20. Qb3 a5 21. a4 Qb6
22. Qa2 Qa6 23. Rac1 Nb6 24. f5 Nbxc4 25. f6 g6 26. Rce1 Nxd2 27. Qxd2 Qd3 28.
Qf2 Qxd5 29. Qf4 Re5 30. Rd1 Qe6 31. Qh6 Ne8 32. Ng5 Rxg5 33. Qxg5 Rc8 34. h3 c4
35. Qd5 Qxd5 36. Rxd5 c3 37. Rxa5 Nxf6 38. Rb5 b6 39. Rc1 Rc6 40. Rb4 Kf8 41.
Kf2 Ke7 42. g4 h6 43. Rcb1 Kd7 44. Ke1 Kc7 45. Rd4 Rc5 46. Rc1 Kb7 47. Kd1 h5
48. g5 Rxg5 49. Rxc3 Nd5 50. Rb3 Kc6 51. Rxe4 Rg3 52. h4 Kd6 53. Rd4 Ke6 54. Ke2
f5 55. Rxd5 1-0

[Event "FIDE Women's World Teams"]
[Site "Astana KAZ"]
[Date "2013.03.11"]
[Round "8.2"]
[White "Maisuradze,N"]
[Black "Dauletova,G"]
[Result "0-1"]
[WhiteElo "2330"]
[BlackElo "2265"]
[EventDate "2013.03.03"]

1. d4 Nf6 2. c4 e6 3. Nf3 Bb4+ 4. Nbd2 O-O 5. a3 Be7 6. e4 d5 7. e5 Nfd7 8. b4
a5 9. b5 c5 10. cxd5 exd5 11. Bd3 cxd4 12. Nb3 a4 13. Nbxd4 Nc5 14. Bc2 Nbd7 15.
O-O Nb6 16. Bd2 Nc4 17. Bb4 Re8 18. Re1 Qb6 19. Qb1 h6 20. h3 Bf8 21. Qd1 g6 22.
Ra2 Bd7 23. h4 Bg4 24. Qb1 Rac8 25. Nh2 Bd7 26. Ndf3 Bg7 27. h5 g5 28. Qd1 Be6
29. Bxc5 Qxc5 30. Qd3 g4 31. Nh4 Nxe5 32. Qh7+ Kf8 33. Bf5 g3 34. Nf1 Qc4 35.
Bxe6 Qxa2 36. Nxg3 Rxe6 37. Ngf5 Bf6 38. Qxh6+ Ke8 39. Ng7+ Bxg7 40. Qxg7 Rc4
41. Nf5 Nf3+ 42. gxf3 Rxe1+ 43. Kg2 Rg1+ 44. Kxg1 Qb1+ 45. Kg2 Qxf5 46. Qg3 Qxh5
47. Qb8+ Ke7 48. Qxb7+ Kf8 49. Qb8+ Kg7 0-1

[Event "FIDE Women's World Teams"]
[Site "Astana KAZ"]
[Date "2013.03.11"]
[Round "8.3"]
[White "Saduakassova,D"]
[Black "Safranska,A"]
[Result "1/2-1/2"]
[WhiteElo "2353"]
[BlackElo "2328"]
[EventDate "2013.03.03"]

1. d4 d5 2. c4 Nc6 3. Nf3 Bg4 4. Nc3 e6 5. Bg5 f6 6. cxd5 Bxf3 7. exf3 exd5 8.
Be3 Bb4 9. Bd3 Nge7 10. Qc2 g6 11. h4 Qd7 12. a3 Bxc3+ 13. Qxc3 Kf7 14. h5 Rae8
15. g4 Nd8 16. O-O-O Qc6 17. Rh3 Qxc3+ 18. bxc3 Ne6 19. f4 f5 20. Rdh1 Rhg8 21.
f3 c6 22. Kc2 Kf6 23. R3h2 Ng7 24. Bf2 gxh5 25. Bh4+ Kf7 26. Bg5 Rh8 27. gxh5 h6
28. Bh4 Nc8 29. Rg1 Nd6 30. Rg6 Re6 31. Rhg2 Nxh5 32. Rxe6 Kxe6 33. Re2+ Kd7 34.
Re7+ Kc8 35. Re6 Kd7 36. Re7+ Kc8 37. Re6 Kd7 38. Re7+ 1/2-1/2

[Event "FIDE Women's World Teams"]
[Site "Astana KAZ"]
[Date "2013.03.11"]
[Round "8.4"]
[White "Benmesbah,N"]
[Black "Davletbayeva,M"]
[Result "1-0"]
[WhiteElo "2266"]
[BlackElo "2272"]
[EventDate "2013.03.03"]

1. e4 e5 2. Nf3 Nc6 3. Bc4 Bc5 4. d3 Nf6 5. O-O O-O 6. Nbd2 a6 7. h3 d6 8. c3
Ba7 9. Bb3 Ne7 10. Re1 Ng6 11. Nf1 h6 12. d4 exd4 13. Nxd4 Re8 14. Ng3 Bd7 15.
Be3 Nh4 16. Nf3 Bxe3 17. Rxe3 Ng6 18. Nd4 Nh4 19. Qd3 Qc8 20. Kh2 b5 21. Nde2
Qb7 22. Nf4 Re5 23. Nd5 Nxd5 24. Bxd5 Bc6 25. Bxc6 Qxc6 26. f4 Re7 27. f5 Re5
28. Qe2 d5 29. Qg4 g5 30. fxg6 Nxg6 31. Nf5 Kh7 32. Qh5 Qf6 33. Qxh6+ Kg8 34.
Rf1 dxe4 35. Ng3 Qg7 36. Qxg7+ Kxg7 37. Rxe4 Rae8 38. Rfe1 Rxe4 39. Rxe4 Rd8 40.
Rd4 Re8 41. Rd7 Re1 42. Rd2 Ra1 43. b3 Nf4 44. Ne4 c6 45. Nc5 Nd5 46. Nxa6 Nxc3
47. Nb8 c5 48. Rc2 b4 49. Na6 Nxa2 50. Nxc5 Nc3 51. Nd3 Ra3 52. Rb2 Nd1 53. Rd2
Nc3 54. Nc1 Ra1 55. Ne2 Rb1 56. Nd4 Kg6 57. h4 Nd5 58. g3 Nc3 59. Kh3 Rg1 60.
Ne2 Rb1 61. Rd6+ Kg7 62. Nd4 Re1 63. Rb6 Nd5 64. Rb5 Ne3 65. g4 Rh1+ 66. Kg3 Rd1
67. Nf5+ Nxf5+ 68. Rxf5 Rd3+ 69. Rf3 Rd4 70. h5 Rd1 71. Kf4 Rc1 72. Ke4 Rd1 73.
Kf4 Rc1 74. Re3 Rb1 75. Kg5 f6+ 76. Kf5 Rf1+ 77. Ke4 Rg1 78. Kf4 Rb1 79. Re7+
Kh6 80. Re3 Kg7 81. Re7+ Kh6 82. Rf7 Rf1+ 83. Ke4 Rf2 84. Kd5 Rf4 85. Kc5 Rxg4
86. Rxf6+ Kxh5 87. Rb6 Kg5 88. Rxb4 Rg3 89. Rb8 Kf6 90. b4 Ke7 91. b5 Kd7 92.
Kb6 Rb3 93. Rh8 Rb1 94. Rb8 Rb2 95. Ka7 Kc7 96. b6+ Kc6 1-0

[Event "FIDE Women's World Teams"]
[Site "Astana KAZ"]
[Date "2013.03.11"]
[Round "8.3"]
[White "Sop,S"]
[Black "Tan Zhongyi"]
[Result "0-1"]
[WhiteElo "2028"]
[BlackElo "2471"]
[EventDate "2013.03.03"]

1. e4 d6 2. d4 Nf6 3. Nc3 g6 4. f4 Bg7 5. Nf3 O-O 6. Be3 b6 7. Qd2 Bb7 8. e5 Ng4
9. O-O-O dxe5 10. Nxe5 Nxe5 11. dxe5 Qxd2+ 12. Rxd2 g5 13. Nd5 Bxd5 14. Rxd5 e6
15. Rd3 gxf4 16. Bxf4 Nc6 17. Rg3 Kh8 18. Rc3 Ne7 19. Bg5 Nd5 20. Rh3 Bxe5 21.
Bd3 f5 22. Rf1 Rg8 23. Bd2 Rxg2 24. c4 Nf6 25. Re1 Bxb2+ 26. Kxb2 Rxd2+ 27. Kc3
Rxa2 28. Kb3 Rd2 29. Rxe6 Ne4 30. Bxe4 fxe4 31. Re7 Rd3+ 32. Rxd3 exd3 33. Rd7
c5 34. Kc3 a5 35. Kb3 Rf8 36. Rxd3 Kg7 37. Ka4 Rf6 38. Kb5 Kg6 39. Rd5 h5 40.
Re5 h4 41. h3 Rd6 42. Re4 Kg5 43. Rg4+ Kh5 44. Re4 Rg6 45. Re5+ Kh6 46. Rd5 Rf6
47. Re5 Kg6 48. Re4 Kg5 49. Rg4+ Kh5 50. Re4 Rf3 51. Re5+ Kg6 52. Kxb6 Rxh3 53.
Kxa5 Rf3 54. Rxc5 Rf5 55. Rxf5 Kxf5 56. c5 h3 57. c6 Ke6 58. Kb6 h2 59. c7 Kd7
60. Kb7 h1=Q+ 0-1

[Event "FIDE Women's World Teams"]
[Site "Astana KAZ"]
[Date "2013.03.11"]
[Round "8.4"]
[White "Guo Qi"]
[Black "Kaya,E"]
[Result "1-0"]
[WhiteElo "2435"]
[BlackElo "1995"]
[EventDate "2013.03.03"]

1. d4 d5 2. c4 dxc4 3. Nf3 c5 4. e3 cxd4 5. Bxc4 Qc7 6. Qb3 e6 7. exd4 Nf6 8.
O-O Nc6 9. Bg5 Be7 10. Nc3 a6 11. Qd1 O-O 12. Qe2 Rd8 13. Rad1 Qa5 14. d5 Nxd5
15. Nxd5 exd5 16. Bxe7 Re8 17. Rxd5 b5 18. Bb4 Rxe2 19. Bxa5 bxc4 20. Bc3 a5 21.
Rfd1 h6 22. Rc5 Re6 23. Rxc4 Ba6 24. Rc5 Be2 25. Re1 Ra6 26. a4 Bxf3 27. Rxe6
fxe6 28. gxf3 Kf7 29. f4 g6 30. Kg2 Ke7 31. Kf3 Kd6 32. Rb5 Ra7 33. Kg4 Rf7 34.
Bxa5 Rf5 35. Bc3 h5+ 36. Kg3 Rxb5 37. axb5 Nd8 38. Be5+ Kc5 39. Bc7 Nf7 40. b6
Kc6 41. Kf3 Nh6 42. h3 Nf7 43. Ke4 Kb7 44. Kd4 Kc6 45. b3 Kb7 46. Kc5 g5 47.
fxg5 Nxg5 48. h4 Nf7 49. f4 Nh6 50. Kd6 Nf5+ 51. Kxe6 Nxh4 52. f5 Kc6 53. f6 1-0

[Event "FIDE Women's World Teams"]
[Site "Astana KAZ"]
[Date "2013.03.12"]
[Round "9.2"]
[White "Padmini, Rout"]
[Black "Huang, Qian"]
[Result "1/2-1/2"]
[WhiteElo "2307"]
[BlackElo "2478"]
[EventDate "2013.03.03"]
[WhiteTeam "IND"]
[BlackTeam "CHN"]

1. e4 d6 2. d4 e5 3. Nf3 Nc6 4. Bb5 exd4 5. Nxd4 Bd7 6. O-O Be7 7. Nc3 Nf6
8. h3 O-O 9. Bxc6 bxc6 10. Bf4 Re8 11. Re1 Bf8 12. Qf3 c5 13. Nde2 Bc6 14.
Ng3 Nd7 15. Nd5 Bxd5 16. exd5 Qf6 17. c3 Nb6 18. b3 c4 19. bxc4 Nxc4 20.
Ne4 Qf5 21. g4 Qg6 22. Ng3 Qc2 23. Rec1 Qa4 24. Rcb1 Rab8 25. Rxb8 Rxb8 26.
Nf5 Re8 27. Qd3 Nb6 28. Be3 h5 29. gxh5 Qe4 30. Qxe4 Rxe4 31. Bxb6 axb6 32.
a4 Re5 33. Ne3 Be7 34. a5 bxa5 35. Rxa5 Bg5 36. Nf1 Re4 37. Ra8+ Kh7 38.
Rf8 f6 39. Rf7 Rc4 40. Ng3 Rxc3 41. Nf5 Bh6 42. Kg2 Kg8 43. Rd7 Kf8 44.
Rd8+ Kf7 45. Rc8 Rc5 46. Kf3 Rxd5 47. Rxc7+ Ke6 48. Nxg7+ Bxg7 49. Rxg7
Rxh5 50. Kg4 Rh8 51. f4 f5+ 52. Kg5 Rxh3 1/2-1/2

[Event "FIDE Women's World Teams"]
[Site "Astana KAZ"]
[Date "2013.03.12"]
[Round "9.3"]
[White "Tan, Zhongyi"]
[Black "Gomes, Mary Ann"]
[Result "1/2-1/2"]
[WhiteElo "2466"]
[BlackElo "2394"]
[EventDate "2013.03.03"]
[WhiteTeam "CHN"]
[BlackTeam "IND"]

1. Nf3 Nf6 2. c4 g6 3. Nc3 Bg7 4. d4 O-O 5. Bg5 d6 6. e3 c5 7. Be2 Bf5 8.
O-O Ne4 9. Nxe4 Bxe4 10. Nd2 Bf5 11. Nb3 Qc7 12. Bf3 Na6 13. Qd2 Rad8 14.
Na5 Bc8 15. a3 h6 16. Bh4 Nb8 17. Rac1 b6 18. Nb3 Bb7 19. d5 Rde8 20. Bg3
Nd7 21. Rfd1 Ne5 22. Be2 f5 23. e4 e6 24. Bxe5 dxe5 25. Bd3 Ba6 26. Bb1 Rd8
27. Qe1 exd5 28. cxd5 fxe4 29. Bxe4 Rd6 30. Nd2 b5 31. Bf3 c4 32. Ne4 Rdd8
33. Rd2 Kh7 34. Rcd1 Bc8 35. Qe3 Bf5 36. d6 Qf7 37. Nc5 e4 38. Bxe4 Bxe4
39. Nxe4 Rfe8 40. f3 Be5 41. d7 Re6 42. Qxa7 Qf4 43. h3 Bc7 44. Qb7 Qe3+
45. Kh1 Qf4 46. Kg1 1/2-1/2

[Event "FIDE Women's World Teams"]
[Site "Astana KAZ"]
[Date "2013.03.12"]
[Round "9.4"]
[White "Soumya, Swaminathan"]
[Black "Guo, Qi"]
[Result "1/2-1/2"]
[WhiteElo "2291"]
[BlackElo "2431"]
[EventDate "2013.03.03"]
[WhiteTeam "IND"]
[BlackTeam "CHN"]

1. e4 e6 2. d4 d5 3. Nc3 dxe4 4. Nxe4 Nd7 5. Nf3 Ngf6 6. Nxf6+ Nxf6 7. Be3
Nd5 8. Bd2 c5 9. Ne5 Bd6 10. Bb5+ Kf8 11. Qh5 Qf6 12. Bg5 Qf5 13. Bd3 Nf4
14. Bxf5 Nxh5 15. Nc4 Be7 16. Bxe7+ Kxe7 17. Bg4 Nf6 18. Bf3 cxd4 19. O-O-O
Rd8 20. Rd3 Ne8 21. Rhd1 f6 22. Rxd4 Rxd4 23. Rxd4 e5 24. Rh4 h6 25. Na5
Nd6 26. Rb4 f5 27. Bd5 e4 28. c4 Kf6 29. c5 Ke5 30. Bb3 Ne8 31. Nxb7 Bxb7
32. Rxb7 Rc8 33. Rxa7 Rxc5+ 34. Kd2 Nc7 35. Bg8 Nd5 36. Bxd5 Rxd5+ 37. Ke2
Rb5 38. b3 g5 39. Rc7 f4 40. h3 h5 41. Rh7 h4 42. Rc7 Kd5 43. Kd2 Kd4 44.
Rd7+ Ke5 45. Rc7 Kd4 46. Rd7+ Ke5 47. Rc7 Kd4 1/2-1/2

[Event "FIDE Women's World Teams"]
[Site "Astana KAZ"]
[Date "2013.03.12"]
[Round "9.3"]
[White "Collas, Silvia"]
[Black "Cemhan, Kardelen"]
[Result "1-0"]
[WhiteElo "2286"]
[BlackElo "2025"]
[EventDate "2013.03.03"]
[WhiteTeam "FRA"]
[BlackTeam "TUR"]

1. d4 d5 2. Nf3 Nf6 3. c4 dxc4 4. e3 e6 5. Bxc4 a6 6. Bb3 c5 7. O-O Nc6 8.
Nc3 Be7 9. dxc5 Qxd1 10. Rxd1 Bxc5 11. Bd2 O-O 12. Rac1 Be7 13. Na4 e5 14.
Nb6 Rb8 15. Nxc8 Rbxc8 16. Bc3 e4 17. Ne5 Nxe5 18. Bxe5 Rfd8 19. h3 h6 20.
Kf1 Kf8 21. Ke2 b5 22. a3 a5 23. Ba2 b4 24. a4 Rxc1 25. Rxc1 Nd5 26. Bb3
Nb6 27. Rc6 Nd7 28. Bd4 Nb8 29. Rc7 Rd7 30. Rc2 Na6 31. Bb6 Bd8 32. Rc8 Ke7
33. Bxd8+ Rxd8 34. Rxd8 Kxd8 35. Bxf7 Nc5 36. b3 Ke7 37. Bc4 Kd6 38. f3 Ke5
39. f4+ Kf6 40. Kf2 Kf5 41. Kg3 g5 42. fxg5 hxg5 43. h4 gxh4+ 44. Kxh4 Nd3
45. Kh5 Nf2 46. g4+ Kf6 47. g5+ Kg7 48. Bd5 Nd1 49. Bxe4 Nxe3 50. g6 Nf1
51. Kg5 Nd2 52. Bd5 Nf1 53. Bf7 Ng3 54. Kf4 Nh5+ 55. Ke5 Ng3 56. Kd4 Kf6
57. Kc5 1-0

[Event "FIDE Women's World Teams"]
[Site "Astana KAZ"]
[Date "2013.03.12"]
[Round "9.4"]
[White "Sop, Selen"]
[Black "Benmesbah, Natacha"]
[Result "0-1"]
[WhiteElo "2028"]
[BlackElo "2266"]
[EventDate "2013.03.03"]
[WhiteTeam "TUR"]
[BlackTeam "FRA"]

1. e4 c5 2. Nf3 Nc6 3. Bb5 Nf6 4. e5 Nd5 5. Nc3 Nc7 6. Bxc6 dxc6 7. h3 Bf5
8. d3 h6 9. Qe2 e6 10. g4 Bg6 11. Ne4 Nb5 12. c3 Qd7 13. a4 Nc7 14. Bf4
O-O-O 15. Rd1 Nd5 16. Bg3 Bh7 17. O-O h5 18. c4 h4 19. Bxh4 Nf4 20. Qe3
Nxh3+ 21. Kg2 g5 22. Nexg5 Nxg5 23. Bxg5 Be7 24. Rh1 Rdg8 25. Rh5 Bg6 26.
Rxh8 Rxh8 27. Bxe7 Qxe7 28. Qg5 Qf8 29. Qf4 Qg8 30. Ng5 Qg7 31. d4 cxd4 32.
Qxd4 a6 33. Qd7+ Kb8 34. Qd6+ Ka8 35. Qd2 Qxe5 36. f4 Qc5 37. Qd4 Qf8 38.
Rh1 Rg8 39. Kf3 Qc8 40. b4 Rd8 41. Qb6 Qd7 42. Re1 Qd3+ 43. Re3 Qd1+ 44.
Kg3 Qg1+ 45. Kf3 Rd2 46. f5 Qf2+ 47. Ke4 Bxf5+ 48. Ke5 Bxg4 49. Nf3 Bxf3
50. Kf6 Qh4+ 51. Kxf7 Rd7+ 52. Kxe6 Bg4+ 53. Ke5 Qg5+ 54. Ke4 Qf5# 0-1

[Event "FIDE Women's World Teams"]
[Site "Astana KAZ"]
[Date "2013.03.12"]
[Round "9.1"]
[White "Dzagnidze, Nana"]
[Black "Nakhbayeva, Guliskhan"]
[Result "1-0"]
[WhiteElo "2555"]
[BlackElo "2353"]
[EventDate "2013.03.03"]
[WhiteTeam "GEO"]
[BlackTeam "KAZ"]

1. d4 Nf6 2. c4 e6 3. Nf3 Bb4+ 4. Bd2 a5 5. Qc2 d5 6. a3 Be7 7. Nc3 O-O 8.
Bg5 Nbd7 9. cxd5 exd5 10. e3 c6 11. Bd3 Re8 12. h3 Nf8 13. O-O g6 14. Ne5
Ne6 15. f4 c5 16. Bxf6 Bxf6 17. f5 Nf8 18. fxg6 fxg6 19. Nxd5 Bg7 20. Qxc5
Ne6 21. Qb5 Bxe5 22. dxe5 Kg7 23. Nf6 Rh8 24. Rad1 a4 25. Bxg6 Qa5 26. Rd7+
Kh6 27. Ng4+ Kg5 28. Rf5+ Kxg6 29. Qd3 h5 30. Rf4+ Kg5 31. Qf5+ 1-0

[Event "FIDE Women's World Teams"]
[Site "Astana KAZ"]
[Date "2013.03.12"]
[Round "9.2"]
[White "Dauletova, Gulmira"]
[Black "Khotenashvili, Bela"]
[Result "1/2-1/2"]
[WhiteElo "2265"]
[BlackElo "2499"]
[EventDate "2013.03.03"]
[WhiteTeam "KAZ"]
[BlackTeam "GEO"]

1. e4 g6 2. d4 Bg7 3. Nc3 c6 4. Nf3 d6 5. h3 b5 6. Bd3 Nf6 7. O-O O-O 8.
Qe2 b4 9. Nb1 a5 10. a3 Na6 11. Rd1 Qc7 12. c3 bxa3 13. Nxa3 d5 14. e5 Ne8
15. Bg5 Qd8 16. Qd2 Nac7 17. Bh6 Rb8 18. Ra2 Ne6 19. h4 c5 20. Bxg7 N8xg7
21. Qh6 cxd4 22. cxd4 Rb3 23. Nb1 f6 24. Nc3 fxe5 25. dxe5 Bb7 26. Bc4 Nf5
27. Qc1 dxc4 28. Rxd8 Rxd8 29. Nd2 Rb4 30. Nde4 Nxh4 31. Rxa5 Nf5 32. Nc5
Nxc5 33. Rxc5 Rd4 34. Ne2 Rg4 35. f3 Bxf3 36. Nf4 Bxg2 37. Rc8+ Kg7 38.
Ne6+ Kf7 39. Ng5+ Kg7 40. Ne6+ Kf7 41. Ng5+ Kg7 1/2-1/2

[Event "FIDE Women's World Teams"]
[Site "Astana KAZ"]
[Date "2013.03.12"]
[Round "9.3"]
[White "Javakhishvili, Lela"]
[Black "Davletbayeva, Madina"]
[Result "1-0"]
[WhiteElo "2461"]
[BlackElo "2272"]
[EventDate "2013.03.03"]
[WhiteTeam "GEO"]
[BlackTeam "KAZ"]

1. d4 Nf6 2. c4 e6 3. Nf3 Bb4+ 4. Nbd2 O-O 5. g3 d5 6. Qc2 c5 7. a3 Bxd2+
8. Bxd2 cxd4 9. Nxd4 e5 10. Nf3 Nc6 11. Rd1 e4 12. cxd5 exf3 13. dxc6 fxe2
14. Bxe2 Qd5 15. f3 Re8 16. Be3 Qh5 17. Qc5 Qxc5 18. Bxc5 b6 19. Bb4 Ba6
20. Rd2 Re6 21. Kf2 Bxe2 22. Rxe2 Rxc6 23. Rd1 a5 24. Bc3 h6 25. g4 Nh7 26.
Re7 Nf8 27. Kg3 Ne6 28. Rdd7 Rf8 29. h4 Nc5 30. Rc7 Rd6 31. Ra7 Na4 32. Be5
Rd3 33. g5 hxg5 34. hxg5 Nc5 35. g6 Ne4+ 36. Kf4 Nd2 37. Bc3 Rxf3+ 38. Kg4
Rf2 39. Rxf7 R8xf7 40. Rxf7 Rg2+ 41. Kf5 Nc4 42. Rxg7+ Kf8 43. Rf7+ Ke8 44.
Rf6 Ke7 45. Rf7+ Ke8 46. Ra7 Nd6+ 47. Ke6 Rxg6+ 48. Bf6 Rxf6+ 49. Kxf6 Nc4
50. Re7+ Kd8 51. Re2 Kd7 52. Rc2 Ne3 53. Rd2+ Kc6 54. b3 Kb5 55. Ke5 a4 56.
Ke4 Nf1 57. Rd5+ Kc6 58. bxa4 Ng3+ 59. Ke5 Nf5 60. Rd3 Ne7 61. Ke6 Nc8 62.
Rc3+ Kb7 63. Kd7 Na7 64. a5 Ka6 65. axb6 Kxb6 66. a4 Ka5 67. Rc1 Kb6 68.
Rb1+ 1-0

[Event "FIDE Women's World Teams"]
[Site "Astana KAZ"]
[Date "2013.03.12"]
[Round "9.4"]
[White "Abdumalik, Zhansaya"]
[Black "Khurtsidze, Nino"]
[Result "1-0"]
[WhiteElo "2184"]
[BlackElo "2437"]
[EventDate "2013.03.03"]
[WhiteTeam "KAZ"]
[BlackTeam "GEO"]

1. e4 c5 2. Nf3 e6 3. d4 cxd4 4. Nxd4 a6 5. Bd3 Nc6 6. Nb3 Nf6 7. Nc3 Be7
8. O-O O-O 9. f4 d6 10. Qf3 Qc7 11. Be3 b5 12. Rae1 Bb7 13. Qh3 Rfe8 14.
Kh1 Nb4 15. Nd4 Rac8 16. a3 Nxd3 17. cxd3 Nd7 18. Nf3 Nc5 19. f5 exf5 20.
Bxc5 dxc5 21. Qxf5 Rcd8 22. Rd1 Bf6 23. Ng5 Bxg5 24. Qxg5 Qe7 25. Qf4 Rd7
26. Rf2 Red8 27. Rfd2 f6 28. Kg1 Bc6 29. Ne2 g6 30. Ng3 Kg7 31. h4 h5 32.
Kf2 Rd6 33. Qe3 Qe5 34. b4 cxb4 35. d4 Qe7 36. axb4 Bd7 37. Rc1 Rc6 38.
Rxc6 Bxc6 39. Rc2 Bb7 40. Rc5 Rd7 41. Rxh5 Qxb4 42. Qh6+ Kf7 43. Qh7+ Ke6
44. Qg8+ Rf7 45. d5+ Ke7 46. Rh8 Qc5+ 47. Kf3 Qc7 48. Qxf7+ 1-0

[Event "FIDE Women's World Teams"]
[Site "Astana KAZ"]
[Date "2013.03.12"]
[Round "9.1"]
[White "Krush, Irina"]
[Black "Foisor, Cristina-Adela"]
[Result "1/2-1/2"]
[WhiteElo "2460"]
[BlackElo "2389"]
[EventDate "2013.03.03"]
[WhiteTeam "USA"]
[BlackTeam "ROU"]

1. d4 g6 2. c4 Bg7 3. e4 d6 4. Nc3 Nf6 5. Nf3 O-O 6. Be2 c5 7. O-O Nc6 8.
d5 Na5 9. h3 e5 10. Bg5 h6 11. Be3 b6 12. Ne1 Ne8 13. Qd2 Kh7 14. f4 exf4
15. Rxf4 Qe7 16. b3 Nb7 17. Nd3 f5 18. Rf3 fxe4 19. Rxf8 exd3 20. Rf2 dxe2
21. Rxe2 Qf6 22. Rc1 Bf5 23. Rf2 Qe7 24. Re1 Qe5 25. Ne2 Nf6 26. Bf4 Qe7
27. Ng3 Qf8 28. Nxf5 gxf5 29. Bh2 Nd7 30. Kh1 Bd4 31. Rf4 1/2-1/2

[Event "FIDE Women's World Teams"]
[Site "Astana KAZ"]
[Date "2013.03.12"]
[Round "9.3"]
[White "Foisor, Sabina-Francesca"]
[Black "L'Ami, Alina"]
[Result "1/2-1/2"]
[WhiteElo "2313"]
[BlackElo "2362"]
[EventDate "2013.03.03"]
[WhiteTeam "USA"]
[BlackTeam "ROU"]

1. d4 Nf6 2. c4 g6 3. Nc3 d5 4. Nf3 Bg7 5. g3 O-O 6. Bg2 c6 7. O-O dxc4 8.
a4 Be6 9. e4 Qc8 10. Qe2 Rd8 11. Rd1 Na6 12. Be3 Nb4 13. Ng5 a5 14. Rd2 Rb8
15. Rad1 Nd3 16. Nxe6 Qxe6 17. b3 b5 18. axb5 cxb5 19. Nxb5 Nxe4 20. Bxe4
Qxe4 21. bxc4 Nb4 22. Bf4 Qxe2 23. Rxe2 Rb7 24. Bc7 Rc8 25. Rxe7 Nc6 26.
Rd7 Nxd4 27. R1xd4 Bxd4 28. Rxd4 Rbxc7 29. Nxc7 Rxc7 30. Rd8+ Kg7 31. Ra8
Rxc4 32. Rxa5 1/2-1/2

[Event "FIDE Women's World Teams"]
[Site "Astana KAZ"]
[Date "2013.03.12"]
[Round "9.4"]
[White "Voicu-Jagodzinsky, Carmen"]
[Black "Ni, Viktorija"]
[Result "1/2-1/2"]
[WhiteElo "2281"]
[BlackElo "2263"]
[EventDate "2013.03.03"]
[WhiteTeam "ROU"]
[BlackTeam "USA"]

1. e4 c5 2. Nf3 Nc6 3. d4 cxd4 4. Nxd4 e5 5. Nb5 d6 6. N1c3 a6 7. Na3 Be7
8. Nc4 b5 9. Ne3 Nf6 10. g3 O-O 11. Bg2 b4 12. Ncd5 Nxd5 13. Nxd5 Bg5 14.
O-O Bxc1 15. Qxc1 Be6 16. Ne3 Nd4 17. Qd2 Qb6 18. Rfd1 Rac8 19. Kh1 Rc5 20.
f4 f6 21. a3 b3 22. c3 Nc2 23. Rac1 exf4 24. gxf4 Rh5 25. Nf1 Rd8 26. f5
Bf7 27. Qe2 Rg5 28. Rd2 Re8 29. Qd3 d5 30. exd5 Ne1 31. Rxe1 Rxe1 32. d6
Re8 33. d7 Rd8 34. Ng3 h5 35. Ne4 Rg4 36. c4 Qc7 37. c5 Rxe4 38. Bxe4 Qxc5
39. Kg2 Qc1 40. Qd6 Kh7 41. Bc6 1/2-1/2

[Event "FIDE Women's World Teams"]
[Site "Astana KAZ"]
[Date "2013.03.12"]
[Round "9.1"]
[White "Gunina, Valentina"]
[Black "Lagno, Kateryna"]
[Result "1/2-1/2"]
[WhiteElo "2490"]
[BlackElo "2547"]
[EventDate "2013.03.03"]
[WhiteTeam "RUS"]
[BlackTeam "UKR"]

1. d4 Nf6 2. c4 g6 3. Nf3 Bg7 4. g3 c6 5. Bg2 d5 6. cxd5 cxd5 7. O-O O-O 8.
Ne5 e6 9. Nc3 Nc6 10. Nxc6 bxc6 11. Na4 Nd7 12. b3 c5 13. Bb2 Ba6 14. Re1
Rc8 15. Rc1 Bb5 16. dxc5 Bxb2 17. Nxb2 Nxc5 18. Qd2 Qb6 19. Rc2 Rc6 20.
Rec1 Rfc8 21. b4 Ne4 22. Bxe4 dxe4 23. Rxc6 Rxc6 24. Rxc6 Qxc6 25. a4 Bxa4
26. Nxa4 Qxa4 27. Qd8+ Kg7 28. Qd4+ Kg8 29. Qd8+ Kg7 30. Qd4+ Kg8 31. Qd8+
1/2-1/2

[Event "FIDE Women's World Teams"]
[Site "Astana KAZ"]
[Date "2013.03.12"]
[Round "9.2"]
[White "Ushenina, Anna"]
[Black "Pogonina, Natalija"]
[Result "1/2-1/2"]
[WhiteElo "2477"]
[BlackElo "2475"]
[EventDate "2013.03.03"]
[WhiteTeam "UKR"]
[BlackTeam "RUS"]

1. d4 Nf6 2. c4 e6 3. Nc3 Bb4 4. Qc2 O-O 5. a3 Bxc3+ 6. Qxc3 b6 7. Bg5 Bb7
8. f3 d5 9. e3 Nbd7 10. Nh3 h6 11. Bh4 c5 12. cxd5 Nxd5 13. Bxd8 Nxc3 14.
Be7 Rfe8 15. Bh4 Nd5 16. Bb5 g5 17. Bf2 Red8 18. e4 N5f6 19. Be3 cxd4 20.
Bxd4 Ne8 21. Nf2 Nd6 22. Bxd7 Rxd7 23. Ng4 Ne8 24. Bc3 h5 25. Ne3 Rad8 26.
Kf2 Ba6 27. Rad1 Rxd1 28. Rxd1 Rxd1 29. Nxd1 f6 30. Ne3 Kf7 31. g3 1/2-1/2

[Event "FIDE Women's World Teams"]
[Site "Astana KAZ"]
[Date "2013.03.12"]
[Round "9.3"]
[White "Galliamova, Alisa"]
[Black "Muzychuk, Mariya"]
[Result "1/2-1/2"]
[WhiteElo "2459"]
[BlackElo "2471"]
[EventDate "2013.03.03"]
[WhiteTeam "RUS"]
[BlackTeam "UKR"]

1. d4 d5 2. c4 c6 3. Nf3 Nf6 4. Nc3 dxc4 5. a4 Bf5 6. Ne5 Nbd7 7. Nxc4 Nb6
8. Ne5 a5 9. g3 e6 10. Bg2 Bb4 11. O-O O-O 12. e3 h6 13. Qe2 Bh7 14. Rd1
Nfd7 15. Nd3 Qe7 16. e4 Rfd8 17. Bf4 Bd6 18. Bxd6 Qxd6 19. Qe3 Nc4 20. Qc1
e5 21. Ne2 Ncb6 22. Qc3 exd4 23. Nxd4 Nxa4 24. Rxa4 Nb6 25. Raa1 Qxd4 26.
Qxd4 Rxd4 27. Nc5 Rxd1+ 28. Rxd1 a4 29. Bf1 Kf8 30. Rd4 a3 31. bxa3 Rxa3
32. Nxb7 Ke7 1/2-1/2

[Event "FIDE Women's World Teams"]
[Site "Astana KAZ"]
[Date "2013.03.12"]
[Round "9.4"]
[White "Zhukova, Natalia"]
[Black "Girya, Olga"]
[Result "1/2-1/2"]
[WhiteElo "2471"]
[BlackElo "2441"]
[EventDate "2013.03.03"]
[WhiteTeam "UKR"]
[BlackTeam "RUS"]

1. d4 d5 2. c4 c6 3. Nc3 Nf6 4. e3 g6 5. Nf3 Bg7 6. Be2 O-O 7. O-O b6 8. b3
Bb7 9. Bb2 e6 10. Qc2 Nbd7 11. e4 dxe4 12. Nxe4 Nxe4 13. Qxe4 Rb8 14. Qc2
c5 15. dxc5 Nxc5 16. Rad1 Qe7 17. Bxg7 Kxg7 18. Qb2+ f6 19. b4 Na6 20. a3
Rbd8 21. Nd4 Nc7 22. Bf3 Bxf3 23. Nxf3 Rxd1 24. Rxd1 Rd8 25. Rxd8 Qxd8 26.
Qd2 Qxd2 27. Nxd2 e5 28. Kf1 f5 29. Ke2 Kf6 30. Nb3 Ke6 31. Kd3 Kd6 32. Ke3
1/2-1/2